Macro invertebrats fluvials de Catalunya (Registre núm. 68006)
[ vista simple ]
| 000 -LEADER | |
|---|---|
| campo de control de longitud fija | 01002aam a2200361 4500 |
| 008 - DATOS DE LONGITUD FIJA--INFORMACIÓN GENERAL | |
| campo de control de longitud fija | 211130s2021 cat |
| 017 ## - NÚMERO DE COPYRIGHT O DE DEPÓSITO LEGAL | |
| Número de copyright o de depósito legal | GI-765-2021 |
| 020 ## - NÚMERO INTERNACIONAL ESTÁNDAR DEL LIBRO | |
| Número Internacional Estándar del Libro | 9788418096204 |
| 041 ## - CÓDIGO DE IDIOMA | |
| Código de lengua del texto/banda sonora o título independiente | cat |
| 080 ## - NÚMERO DE LA CLASIFICACIÓN DECIMAL UNIVERSAL | |
| Número de la Clasificación Decimal Universal | 592 |
| 100 ## - ENTRADA PRINCIPAL--NOMBRE DE PERSONA | |
| Nombre de persona | Osorio, Víctor |
| 9 (RLIN) | 74786 |
| 245 ## - MENCIÓN DEL TÍTULO | |
| Título | Macro invertebrats fluvials de Catalunya |
| Mención de responsabilidad, etc. | Víctor Osorio; Núria Bonada; Maria Àngels Puig |
| 260 ## - PUBLICACIÓN, DISTRIBUCIÓN, ETC. | |
| Lugar de publicación, distribución, etc. | [Figueres] |
| Nombre del editor, distribuidor, etc. | Brau |
| Fecha de publicación, distribución, etc. | 2021 |
| 300 ## - DESCRIPCIÓN FÍSICA | |
| Extensión | 187 p. |
| Otras características físicas | il. |
| Dimensiones | 20 cm. |
| 490 ## - MENCIÓN DE SERIE | |
| Mención de serie | Col·lecció Maluquer |
| Designación de volumen o secuencia | 5 |
| 500 ## - NOTA GENERAL | |
| Nota general | Bibliografia. Índexs |
| 591 ## - Codi de font | |
| Codi de font | 10584 |
| 592 ## - Tipus obra | |
| Tipus d'obra | Obra especialitzada |
| 593 ## - Codi CGAT | |
| Codi de la CGAT | DGG |
| 593 ## - Codi CGAT | |
| Codi de la CGAT | DGM |
| 594 ## - Número de document | |
| Número de document | 10854 |
| 650 #0 - PUNTO DE ACCESO ADICIONAL DE MATERIA--TÉRMINO DE MATERIA | |
| Término de materia o nombre geográfico como elemento de entrada | insectes |
| 9 (RLIN) | 62668 |
| 650 #0 - PUNTO DE ACCESO ADICIONAL DE MATERIA--TÉRMINO DE MATERIA | |
| Término de materia o nombre geográfico como elemento de entrada | invertebrats |
| 9 (RLIN) | 67066 |
| 700 ## - ENTRADA AGREGADA--NOMBRE PERSONAL | |
| Nombre de persona | Bonada, Núria |
| 9 (RLIN) | 75115 |
| 700 ## - ENTRADA AGREGADA--NOMBRE PERSONAL | |
| Nombre de persona | Puig, Maria Àngels |
| 9 (RLIN) | 75116 |
| 830 ## - PUNTO DE ACCESO ADICIONAL DE SERIE-TÍTULO UNIFORME | |
| Título uniforme | Col·lecció Maluquer |
| 9 (RLIN) | 74787 |
| 901 ## - ELEMENTOS DE DATOS A LOCAL LDA (RLIN) | |
| c | <2021> |
| 902 ## - ELEMENTOS DE DATOS B LOCAL, LDB (RLIN) | |
| a | 211130 |
| 942 ## - ELEMENTOS DE ENTRADA SECUNDARIOS (KOHA) | |
| Tipo de ítem Koha | Monografia |
| Fuente del sistema de clasificación o colocación | Clasificación Decimal Dewey |
| Suprimir en OPAC | No |
| Estatus retirado | Estado de pérdida | Fuente del sistema de clasificación o colocación | Estado de daño | No para préstamo | Biblioteca de origen | Biblioteca actual | Fecha de adquisición | Signatura topográfica completa | Código de barras | Visto por última vez | Precio de reemplazo | Tipo de ítem Koha |
|---|---|---|---|---|---|---|---|---|---|---|---|---|
| ddc | TERMCAT | TERMCAT | 30/11/2021 | DGM 9 | P_68005 | 30/11/2021 | 30/11/2021 | MO |